00814nam a2200205Ia 4500003000900000008004100009020001800050040001600068080001800084111006900102245023600171260003400407300001400441490003000455650001100485650002100496700003300517700002400550710003400574IN-BaIIA211028s9999 xx 000 0 eng d a3-540-63822-9 cIIA Library a524.6-33bESO aEuropean Southern Observatory WorkshopcGermanyd1996 Nov. 18-20 0aGalaxy scaling relations-origins, evolution and applicationsbproceedings of the ESO workshop held in Garching, Germany, 18-20 November 1996cedited by Luiz Nicolaci da Costa and Alvio Renzini  aBerlinbSpringer-Verlagc1997 axx, 404p. aESO astrophysics symposia aGalaxy aGalaxy formation aCosta, Luiz Nicolaci da, ed. aRenzini, Alvio, ed. aEuropean Southern Observatory